| 000 | 06024nkm0a2200649 4500 | ||
|---|---|---|---|
| 001 | RU\NLR\BIBL_A\022705315 | ||
| 005 | 20260408150631.0 | ||
| 035 | _a(NLR Aleph) 022705315 | ||
| 090 |
_a13536283 _c13536283 |
||
| 100 | _a20260120d1887 u y0rusy50 ca | ||
| 101 | 0 | _arus | |
| 102 | _aRU | ||
| 116 | _aiiycxx bf zz | ||
| 135 | _acrcn 024anaba | ||
| 181 | 0 |
_ab4 _bxb2e |
|
| 182 | 0 | _an | |
| 200 | 1 |
_aЦарь Петр Великий _eв царствовании императора Петра Великого издан первый в России "Русский календарь", составленный Яковом Велимовичем Брюсом _e[календарная стенка] |
|
| 203 |
_aИзображение _bнеподвижное _bдвухмерное _bвизуальное _cнепосредственное |
||
| 210 |
_a[Москва] _cиздание А. Абрамова _d1887 _e[Москва] _gпеч. в лит. Абрамова |
||
| 215 |
_a1 л. (6 изобр.) _cхромолитогр. _d37,6х22,4 |
||
| 300 | _aЦенз. разрешение: Доз. цен. Моск. 21 марта 1887 г. | ||
| 300 | _aНа л. также изобр. под загл.: Пам. Петру Велик. в Кронштаде [т. е. Кронштадте] ; Пам. Петру Велик. в Петербурге | ||
| 316 |
_aЭкз. РНБ на шифре Э Пр.гр./К171-П, Эаф15426: 37,7х22,3 см _5NLR: Э Пр.гр./К171-П |
||
| 325 | _aКопия доступна в Электрон. б-ке РНБ | ||
| 327 | 0 | _aВверху портрет Петра I: голова, 3/4 вправо, в овале, в окружении лавровых ветвей. Внизу портрет Я. В. Брюса: погрудный, 3/4 влево, в парике и шляпе. По сторонам от места для прикрепления отрывного календаря: памятник Петру I в Кронштадте, памятник Петру I ("Медный всадник") в Санкт-Петербурге, сельский вид днем, сельский вид ночью | |
| 464 | 0 |
_12001#$aПам. Петру Велик. в Кронштаде _15401#$aПамятник Петру Великому в Кронштадте _tПам. Петру Велик. в Кронштаде |
|
| 464 | 0 |
_12001#$aПам. Петру Велик. в Петербурге _15401#$aПамятник Петру Великому в Санкт-Петербурге _tПам. Петру Велик. в Петербурге |
|
| 540 | 1 | _aВ царствовании императора Петра Великого издан первый в России "Русский календарь", составленный Яковом Вилимовичем Брюсом | |
| 600 | 0 |
_aПетр _cимператор российский _dI _f1672 - 1725 _jКалендарные стенки _91224899 _3RU\NLR\AUTH\66180638 |
|
| 600 | 1 |
_aБрюс _bЯ.В. _f1669 - 1735 _gЯков Вилимович _jКалендарные стенки _92298395 _3RU\NLR\AUTH\661376160 |
|
| 606 | 1 |
_aКалендарные стенки _92185775 _3RU\NLR\AUTH\6601550393 |
|
| 610 | 1 | _aПортретные изоиздания | |
| 610 | 1 | _aВидовые изоиздания | |
| 617 |
_aРоссия _cСанкт-Петербургская губерния _cСанкт-Петербургский уезд _dСанкт-Петербург, город _eПамятник Петру I _kАдмиралтейская часть |
||
| 617 |
_aРоссия _cСанкт-Петербургская губерния _cСанкт-Петербургский уезд _dКронштадт, город _eПамятник Петру I |
||
| 686 | 1 | _aЩ150.489 | |
| 702 | 0 |
_4570 _8rus _7ca _aПетр _cимператор российский _dI _f1672-1725 _3RU\NLR\AUTH\778862 _9118743 |
|
| 702 | 1 |
_4570 _8rus _7ca _aБрюс _bЯ. В. _f1669-1735 _gЯков Вилимович _3RU\NLR\AUTH\7769624 _952552 |
|
| 712 | 0 | 0 |
_4650 _4610 _aАбрамов, _gАндрей Абрамович, _hлитография _cМосква _3RU\NLR\AUTH\880637796 _92694144 |
| 830 | _aПамятник в Кронштадте воспроизведен зеркально; ср. https://vivaldi.nlr.ru/lo700000340/view/. АЯ ОЭФ | ||
| 830 | _a"Литографіи. Абрамова, Андрея Абрамовича, куп.; уг. 1-й Мѣщанской и Баннаго п., д. Крюковой": Вся Москва на 1886 г. https://yandex.ru/archive/catalog/04168ca6-de7a-46d4-a6f7-2437a5d41341/462 (19.01.2026). АЯ ОЭФ | ||
| 830 | _a"Абрамов Андрей Абрамович (годы жизни неизвестны) ... Владелец литографской мастерской в Москве (1867–1884), перешедшей к нему от Антона Андреевича Абрамова, который, в свою очередь, получил ее от Е. И. Лаврентьевой": https://rusmuseumvrm.ru/reference/classifier/author/masterskaya_a._a._abramova/index.php (19.01.2026). АЯ ОЭФ | ||
| 852 | 0 | 0 |
_aNLR _bЭ _jПр.гр./К171-П _mЭаф15425 |
| 852 | 0 | 0 |
_aNLR _bЭ _jПр.гр./К171-П _mЭаф15426 |
| 856 | 0 | _uhttps://vivaldi.nlr.ru/lp500003416/view | |
| 856 | 1 | _uhttps://vivaldi.nlr.ru/lp500003416/cover | |
| 856 | 2 | _uhttps://vivaldi.nlr.ru/lp500003416/text | |
| 942 | _cVISUAL | ||
| 980 | _aNB | ||
| 981 | 2 | 2 |
_a(22) Материалы по истории России _b(22) Российский императорский дом |
| 981 | 1 | 7 |
_a(17) Изографические материалы _b(17) Портреты |
| 981 | 1 | 7 |
_a(17) Изографические материалы _b(17) Прикладная графика |